Quizzes
Events
Quiz Creation
Community
Videos
Private Events
Remove Ads
Sign In
Join for FREE
Feedback
Dark Mode
Quiz Categories
Sports
Geography
Music
Movies
Television
Just For Fun
Miscellaneous
History
Literature
Language
Science
Gaming
Entertainment
Religion
Holiday
For Kids
Quiz Lab
Recent
Popular Today
Quiz Kudos Today
Editor Picks
Curator Picks
Quizzes by...
Day
Popularity
Type
Ratings
Length
Year
Community
Subscriptions
Recent Discussions
Orange Saloon
Badges
Playlists
Quests
Create
Leaderboards
Showdown
Live 5
Trivia Bingo
Activity
Puzzle Library
Sporcle Events
Private Events
Virtual Trivia
Globe League
Become a Host
Pub Owners
SporcleCon
Opinionation
Our Games
Videos
Blog
Mobile Apps
Partnerships
Remove Ads and Go Orange
Feedback
Geography
Country
Landmarks
City
State
Population
World
Capital
Continent
Flags
Europe
Africa
Asia
South America
North America
Oceania
Border
Canada
United Kingdom
Topography
United States
Geography
Country
Landmarks
City
State
Population
World
Capital
Continent
Flags
Europe
Africa
Asia
South America
North America
Oceania
Border
Canada
United Kingdom
Topography
United States
Random Quiz
Search Sporcle
×
Quiz Lab
Quiz Lab
Geography
University
Type in answers that appear in a list
Type in answers that appear in a list
Classic
Best Score? Go Orange.
World Cities with Tallest Educational/Academic Buildings Stats
Can you name the World Cities with Tallest Educational/Academic Buildings?
By
tallonator
15m
40 Questions
211 Plays
211 Plays
211 Plays
Comments
Comments
Give Quiz Kudos
Give Quiz Kudos
-
- Ratings
hide this ad
Replay
Link that replays current quiz
Next Quiz
Link to next quiz in quiz playlist
You Got
0%
They Got
Avg Score
50%
Avg Friend Score
Upgrade to see
Score Distribution
Jump to the score distribution portion of the page
Score
0/40
Timer
15:00
0
Plays Today
Building Name
City/Town
% Correct
Moscow State University
Moscow
98.1%
Academy of Sciences
Moscow
98.1%
State University College of Optometry
New York City
90%
City College School of Business & Civic Administration
New York City
90%
Mode Gakuen Cocoon Tower
Tokyo
84.8%
Shinjuku Building
Tokyo
84.8%
STEC Information Building
Tokyo
84.8%
Boissonade Tower
Tokyo
84.8%
Liberty Tower
Tokyo
84.8%
Culture School
Tokyo
84.8%
Tour Jussieu
Paris
79.1%
Telefunken Haus
Berlin
77.3%
University Hall
Chicago
76.8%
Loyola University Tower
Chicago
76.8%
Osaka Mode Gakuen
Osaka
68.7%
Education Schools Tower
Boston
63.5%
University of Texas Tower
Austin
62.1%
University of Technology
Sydney
59.2%
Edison Building
Philadelphia
55.5%
Victoria University
Melbourne
52.6%
Building Name
City/Town
% Correct
AfE-
Turm
Frankfurt am Main
49.8%
Cathedral of Learning
Pittsburgh
47.9%
Geomatikum
Hamburg
39.3%
Erasmus MC Faculteitsgebouw
Rotterdam
37.9%
Erasmus Universiteit Gebouw H
Rotterdam
37.9%
Green Building
Cambridge
32.7%
1440 Canal
New Orleans
25.6%
Semmelweiss Medical University
Budapest
25.1%
Rhodes Tower
Cleveland
23.7%
Fenn Tower
Cleveland
23.7%
TU Delft faculteit EWI
Delft
20.9%
Moos Health Sciences Tower
Minneapolis
19.4%
Cathedral of Learning
Bangkok
19%
Eshkol Tower
Sofia
10%
W.E.B. Du Bois Library
Amherst
10%
Academy of Sciences
Riga
8.5%
Akademia Ekonomiczna
Poznan
8.5%
Erasmusgebouw
Nijmegen
7.6%
South Urals State University
Chelyabinsk
7.6%
Torre de la Universidad Laboral
Gijon
3.8%
Quiz Playlist
Details
Report
Send in Message
Add To Playlist
Classic:
Type in answers that appear in a list
Quiz Source
Last Updated: Feb 16, 2017
Quiz Scoreboard
CHALLENGE
Sign Up to Join the Scoreboard
Show All
Scores
Hide
Comments
May contain spoilers
Recently Published
Presidents Visiting Landmarks
by Hejman
History
7m
An Introduction to Baseball
by treessimontrees
Sports
5m
Movies - When Are They Set?
by FPL_Elf
Movies
5m
More to Explore
Quiz From the Vault
Featured Blog Post
Where Did the Easter Bunny Come From?
hide this ad
You Might Also Like...
Tags
University Quiz
Academic
Academic Departments
College Towns
hall
location
Tallest Buildings
University Buildings
University Campus
World Cities
Today's Top Quizzes in Geography
Browse Geography
hide this ad
Today's Top Quizzes in University
Browse University
Top Contributed Quizzes in Geography
1
Countries of the World - No Outlines Minefield
2
Top 25 Cities of France on a map
3
Any capital of a 'B' country per Continent
4
Closest Countries to UK A-Z
5
Any capital of a 'C' country per Continent
6
One Thing in Common: United Kingdom
7
Any capital of a 'D' country per Continent
8
Find the Provinces of Canada - No Outlines Minefield
9
5-to-1: US Geography No Hints
10
Any capital of an 'E' country per Continent
Explore More
Trending Topics
Harry Potter
Kpop
Anime
NBA
Marvel
Crossword
Disney
Soccer
Pokémon
Song
The Office
Country
WWE
NFL
Puzzle
hide this ad
More By:
tallonator
Quiz
Plays
Rating
Category
Featured
Created
20 Largest 'S' US Metro Areas
71,991
4.31
Geography
Jan 1, 2013
Cars Available in 1920
22,338
4.55
History
Mar 31, 2015
World's Fairs
19,731
4.33
History
Nov 1, 2011
Star Wars Line Assignments
16,008
4.51
Movies
Sep 10, 2017
Steven Spielberg Best Director Golden Globe Wins & Noms
4,607
4.43
Movies
Sep 2, 2017
Go to Creator's Profile
Score Distribution
Quiz Creator Spotlight
tallonator
Follow
Send a Message
Quizzes Created
-
Created Quiz Play Count
-
More By This Creator
Popular Quizzes Today
1
Find the US States - No Outlines Minefield
2
Find the Countries of Europe - No Outlines Minefield
3
The Countries of the World
4
Find the US States
5
Popular People in 1961
6
US States
7
Risky Map Clicking: Biggest States A-Z
8
Movies - When Are They Set?
More Geography Quizzes
Eagle Flags
Editor's Pick
Trending Quizzes
Risky Map Clicking: Least Populous States A-Z
1-10 Letter G Words
1-10 Letter F Words
Risky Map Clicking: Next State Alphabetically
Risky Map Clicking: Biggest States A-Z
Recently Updated
Leaping Animals
pecheneg
Reality TV Shows (A-Z)
bhenderson79
Rickey Henderson's Hall of Fame Teammates
pecheneg
Champions League XIs: Arsenal
pecheneg
Quick Pick: Celebrities in WWE's Hall of Fame
aduchscher
A-Z Keypad Blitz II
pecheneg
Multiple Oscar Actors
pecheneg
Mystery Phrase Blitz: Oscar 'Best Actors'
pecheneg
F. Scott Fitzgerald Novels
LTH
Pick 3 Villains
ddd62291
Trending Topics
Crossword
Disney
Marvel
Anime
NBA
Harry Potter
Kpop
NFL
The Office
Soccer
Puzzle
WWE
Song
Country
Pokémon
Your Account Isn't Verified!
In order to create a playlist on Sporcle, you need to verify the email address you used during registration. Go to your
Sporcle Settings
to finish the process.
Report this User
Report this user for behavior that violates our
Community Guidelines
.
Details:
Send Report
Go to the Sporcle.com Mobile Site →
Comments